| 000 | 00465nam a2200157Ia 4500 | ||
|---|---|---|---|
| 008 | 151021s9999 xx 000 0 und d | ||
| 050 | _aHQ 772.C596 2005 | ||
| 245 | _a_Child development Principles and perspectives Joan Littlefield Cook | ||
| 260 | _aBoston Pearson 2005 | ||
| 300 | _axxv,595p.;ill. | ||
| 500 | _aInclude index | ||
| 500 | _aInclude index | ||
| 650 | _a_Child development | ||
| 700 | _a_Cook Greg | ||
| 980 | _a^d20120827 05:09:42^oanne | ||
| 999 |
_c12533 _d12533 |
||